header

Critical thinking, reading, and writing : (Record no. 255785)

MARC details
000 -LEADER
fixed length control field 01060cam a22003255a 4500
001 - CONTROL NUMBER
control field 14703778
003 - CONTROL NUMBER IDENTIFIER
control field OSt
005 - DATE AND TIME OF LATEST TRANSACTION
control field 20170227115326.0
008 - FIXED-LENGTH DATA ELEMENTS--GENERAL INFORMATION
fixed length control field 070119s2008 maua 001 0 eng
010 ## - LIBRARY OF CONGRESS CONTROL NUMBER
LC control number 2007921373
020 ## - INTERNATIONAL STANDARD BOOK NUMBER
International Standard Book Number 9780312459871 (pbk. : alk. paper)
International Standard Book Number 0312459874 (pbk. : alk. paper)
040 ## - CATALOGING SOURCE
Original cataloging agency DLC
Transcribing agency DLC
Modifying agency DLC
050 00 - LIBRARY OF CONGRESS CALL NUMBER
Classification number PE1431
Item number .C75 2008
082 00 - DEWEY DECIMAL CLASSIFICATION NUMBER
Classification number 153.4/2
Edition number 22
245 00 - TITLE STATEMENT
Title Critical thinking, reading, and writing :
Remainder of title a brief guide to argument /
Statement of responsibility, etc [edited by] Sylvan Barnet, Hugo Bedau.
250 ## - EDITION STATEMENT
Edition statement 6th ed.
260 ## - PUBLICATION, DISTRIBUTION, ETC. (IMPRINT)
Place of publication, distribution, etc Boston, MA :
Name of publisher, distributor, etc Bedford/St. Martins,
Date of publication, distribution, etc c2008.
300 ## - PHYSICAL DESCRIPTION
Extent xxiii, 556 p. :
Other physical details ill. ;
Dimensions 24 cm.
500 ## - GENERAL NOTE
General note Includes indexes.
650 #0 - SUBJECT ADDED ENTRY--TOPICAL TERM
Topical term or geographic name as entry element English language
General subdivision Rhetoric.
Topical term or geographic name as entry element Persuasion (Rhetoric)
Topical term or geographic name as entry element Critical thinking.
Topical term or geographic name as entry element Reasoning.
700 1# - ADDED ENTRY--PERSONAL NAME
Personal name Barnet, Sylvan.
Personal name Bedau, Hugo Adam.
906 ## - LOCAL DATA ELEMENT F, LDF (RLIN)
a 0
b ibc
c orignew
d 2
e epcn
f 20
g y-gencatlg
942 ## - ADDED ENTRY ELEMENTS (KOHA)
Source of classification or shelving scheme Library of Congress Classification
Koha item type Long Loan Books
Holdings
Withdrawn status Lost status Source of classification or shelving scheme Damaged status Not for loan Collection code Home library Current library Shelving location Date acquired Total Checkouts Full call number Barcode Date last seen Price effective from Koha item type Date checked out
    Library of Congress Classification     Non-fiction Rongo University Library Rongo University Library General Stacks 27/02/2017   PE1431 .C75 2008 201614994 27/02/2017 27/02/2017 Long Loan Books  
    Library of Congress Classification     Non-fiction Rongo University Library Rongo University Library General Stacks 29/05/2017 1 PE1431 .C75 2008 201614993 28/02/2020 29/05/2017 Long Loan Books 27/02/2020
    Library of Congress Classification     Non-fiction Rongo University Library Rongo University Library General Stacks 22/10/2019   PE1431 .C75 2008 201615447 22/10/2019 22/10/2019 Long Loan Books  
    Library of Congress Classification     Non-fiction Rongo University Library Rongo University Library General Stacks 11/08/2020   PE1431 .C75 2008 20190228 11/08/2020 11/08/2020 Long Loan Books  

© 2026 Rongo University
Contact us: librarian | system librarian | Rongo university